Części samochodu - nagła śmierć - Statystyki

Ogólne statystyki
  • Ten quiz został rozwiązany 13 570 razy
  • Średni wynik to 12 z 20
Answers on the Grid
Answers color-coded by a green-red scale on the quiz's grid according to % correct below.
Alternator
Akumulator
Bęben na smar
Błotnik
Dzwonki
Filtr oleju
Gaźnik
Kalkulacja
Chłodnica
Klocki hamulcowe
Klucz do strojenia
Kondensator strumieniowy
Konwerter Bessemera
Konwerter katalityczny
Mechanizm różnicowy
Młocarnia
Pasek płynny
Pasek rozrządu
Pasek wielorowkowy
Pierścień naparstka
Plamkowanie
Podwozie
Przednia szyba
Przekładnia
Rurka do napełniania
Ster
Świeca zapłonowa
Tłok
Tłumik
Uchwyt na klucze
Uszczelka głowicy
Wał korbowy
Wałek rozrządu
Wał wentylacyjny
Wrzeciono osnowy
Złącze ślizgowe
 
Statystyki odpowiedzi
Odpowiedź % Poprawnych
Akumulator
84%
Filtr oleju
82%
Klocki hamulcowe
80%
Błotnik
76%
Alternator
75%
Chłodnica
69%
Podwozie
63%
Tłok
63%
Tłumik
62%
Pasek rozrządu
61%
Przednia szyba
61%
Świeca zapłonowa
59%
Gaźnik
58%
Uszczelka głowicy
52%
Wałek rozrządu
49%
Wał korbowy
48%
Przekładnia
44%
Mechanizm różnicowy
35%
Konwerter katalityczny
19%
Pasek wielorowkowy
18%
Nie znaleziono quizów pasujących do podanych kryteriów
Rozkład punktacji
Procent ludzi z każdym wynikiem
Percentyl według liczby udzielonych odpowiedzi
Twoja historia wyników
Nie rozwiązałeś tego quizu